Budú rokovania z Doha nakoniec úspešné?

Pôvodný zámer rokovaní v Doha (2001) a presmerovanie priorít. Projekcia Svetovej banky z roku 2005 je v protiklade s prvotným tvrdením, že z úspešného zavŕšenia rokovaní by profitovali hlavne rozvojové krajiny. Problémy Doha rokovaní. Neúspech Doha rokovaní by mohol podlomiť dôveryhodnosť a budúcnos...

Descrizione completa

Salvato in:
Dettagli Bibliografici
Autore principale: Zubaľová, Ľubica, 1969-
Natura: Capitolo di libro
Lingua:slovacco
Soggetti:
Tags: Aggiungi Tag
Nessun Tag, puoi essere il primo ad aggiungerne!!

MARC

LEADER 00000nla$a2200000$$$4500
001 0146202
005 20240502072634.4
041 0 |a slo 
044 |a SK 
245 1 0 |a Budú rokovania z Doha nakoniec úspešné?  |c Ľubica Zubaľová 
520 |a Pôvodný zámer rokovaní v Doha (2001) a presmerovanie priorít. Projekcia Svetovej banky z roku 2005 je v protiklade s prvotným tvrdením, že z úspešného zavŕšenia rokovaní by profitovali hlavne rozvojové krajiny. Problémy Doha rokovaní. Neúspech Doha rokovaní by mohol podlomiť dôveryhodnosť a budúcnosť samotnej WTO, ktorá bola pozitívnym príkladom efektívneho a demokratického multilateralizmu. 
610 2 0 |a obchod medzinárodný 
610 2 0 |a Svetová obchodná organizácia 
610 2 0 |a rokovania obchodné 
610 2 0 |a bariéry obchodu zahraničného 
610 2 0 |a krajiny rozvojové 
610 2 0 |a krajiny vyspelé 
610 2 0 |a poľnohospodárstvo 
100 1 |a Zubaľová, Ľubica, 1969-